Taskmaster Contestants (in order) - Statistics

General Stats
  • This quiz has been taken 21 times
  • The average score is 79 of 110
Answer Stats
Series Rank Answer Points % Correct
1 1st Josh Widdicombe 94
100%
3 3rd Al Murray 80
85%
5 1st Bob Mortimer 138
85%
CoC1 5th Bob Mortimer 24
85%
2 4th Doc Brown 78
85%
1 2nd Frank Skinner 93
85%
7 4th James Acaster 165
85%
CoC1 1st Josh Widdicombe 37
85%
2 1st Katherine Ryan 94
85%
CoC1 3rd Katherine Ryan 35
85%
6 1st Liza Tarbuck 181
85%
5 2nd Mark Watson 130
85%
2 3rd Richard Osman 86
85%
1 2nd Romesh Ranganathan 93
85%
1 4th Tim Key 88
85%
6 2nd Tim Vine 175
85%
5 4th Aisling Bea 126
77%
6 5th Alice Levine 152
77%
3 2nd Dave Gorman 81
77%
14 4th Fern Brady 144
77%
4 4th Hugh Dennis 129
77%
7 2nd Jessica Knappett 175
77%
2 2nd Jon Richardson 90
77%
13 5th Judi Love 142
77%
7 1st Kerry Godliman 176
77%
8 1st Lou Sanders 164
77%
15 1st Mae Martin 174
77%
5 5th Nish Kumar 107
77%
4 1st Noel Fielding 144
77%
CoC1 4th Noel Fielding 32
77%
8 5th Paul Sinha 136
77%
7 5th Phil Wang 133
77%
7 3rd Rhod Gilbert 167
77%
3 1st Rob Beckett 87
77%
CoC1 2nd Rob Beckett 36
77%
1 5th Roisin Conaty 68
77%
5 2nd Sally Phillips 130
77%
19 2nd Stevie Martin 154
77%
12 3rd Alan Davies 161
69%
18 1st Andy Zaltzman 160
69%
13 4th Ardal O'Hanlon 153
69%
6 4th Asim Chaudhry 159
69%
13 3rd Bridget Christie 157
69%
11 5th Charlotte Ritchie 125
69%
13 2nd Chris Ramsey 170
69%
10 2nd Daisy May Cooper 158
69%
14 1st Dara O Briain 184
69%
CoC3 1st Dara O Briain 22
69%
9 5th David Baddiel 128
69%
12 3rd Desiree Burch 161
69%
9 1st Ed Gamble 167
69%
CoC2 5th Ed Gamble 11
69%
18 3rd Emma Sidi 152
69%
15 4th Frankie Boyle 150
69%
12 2nd Guz Khan 167
69%
8 2nd Iain Stirling 156
69%
15 5th Ivo Graham 131
69%
18 2nd Jack Dee 157
69%
11 4th Jamali Maddix 137
69%
19 3rd Jason Mantzoukas 150
69%
15 3rd Jenny Eclair 152
69%
9 4th Jo Brand 154
69%
4 2nd Joe Lycett 135
69%
8 3rd Joe Thomas 150
69%
2 5th Joe Wilkinson 69
69%
14 4th John Kearns 144
69%
16 2nd Julian Clary 155
69%
10 5th Katherine Parkinson 118
69%
9 3rd Katy Wix 158
69%
CoC2 3rd Kerry Godliman 12
69%
15 2nd Kiell Smith-Bynoe 158
69%
11 3rd Lee Mack 151
69%
CoC2 2nd Liza Tarbuck 14
69%
4 5th Lolly Adefope 125
69%
CoC2 3rd Lou Sanders 12
69%
16 5th Lucy Beaumont 129
69%
19 1st Mathew Baynton 169
69%
10 3rd Mawaan Rizwan 151
69%
4 3rd Mel Giedroyc 134
69%
12 1st Morgana Robinson 168
69%
CoC3 3rd Morgana Robinson 18
69%
14 3rd Munya Chawawa 150
69%
3 5th Paul Chowdhry 66
69%
10 1st Richard Herring 162
69%
CoC2 1st Richard Herring 17
69%
9 2nd Rose Matafeo 159
69%
18 5th Rosie Jones 137
69%
19 4th Rosie Ramsey 149
69%
6 3rd Russell Howard 170
69%
16 1st Sam Campbell 161
69%
11 1st Sarah Kendall 158
69%
CoC3 4th Sarah Kendall 15
69%
14 2nd Sarah Millican 174
69%
3 4th Sara Pascoe 72
69%
8 4th Sian Gibson 143
69%
16 4th Sue Perkins 157
69%
16 3rd Susan Wokoma 139
69%
12 5th Victoria Coren Mitchell 121
69%
19 5th Fatiha El-Ghorri 141
62%
10 4th Johnny Vegas 139
62%
17 1st John Robins 174
62%
CoC3 4th Kiell Smith-Bynoe 15
62%
11 2nd Mike Wozniak 154
62%
13 1st Sophie Duker 173
62%
CoC3 2nd Sophie Duker 21
62%
17 3rd Steve Pemberton 137
62%
17 5th Nick Mohammed 120
54%
17 4th Sophie Willan 123
54%
18 4th Babatunde Aleshe 147
46%
17 2nd Joanne McNally 154
46%
No matching quizzes found
Score Distribution
Percent of People with Each Score
Percentile by Number Answered
Your Score History
You have not taken this quiz